Теплотехнические измерения и приборы: учебник для вузов

Bibliografiske detaljer
Hovedforfatter: Иванова Г. М. Галина Михайловна
Andre forfattere: Кузнецов Н. Д. Николай Дмитриевич, Чистяков В. С. Владимир Сергеевич
Summary:Рассмотрены методы и современные средства измерения таких теплотехнических величин как температура, давление, уровень, расход, состав газов и растворов. Анализируются погрешности измерений, способы их оценки и методы снижения, дается сравнительный анализ различных методов и средств измерений теплотехнических величин. Первое издание учебника выпущено в 1984 г. Книга является учебником по курсу «Метрология, стандартизация и сертификация» для подготовки бакалавров по направлению «Теплоэнергетика».
Sprog:russisk
Udgivet: Москва, Изд-во МЭИ, 2005
Udgivelse:2-е изд., перераб. и доп.
Fag:
Format: Bog
KOHA link:https://koha.lib.tpu.ru/cgi-bin/koha/opac-detail.pl?biblionumber=73333

MARC

LEADER 00000nam0a2200000 4500
001 73333
005 20231031084310.0
010 |a 5704610463 
035 |a (RuTPU)RU\TPU\book\78256 
090 |a 73333 
100 |a 20050215d2005 m y0rusy50 ca 
101 0 |a rus 
102 |a RU 
105 |a a j 001zy 
200 1 |a Теплотехнические измерения и приборы  |e учебник для вузов  |f Г. М. Иванова, Н. Д. Кузнецов, В. С. Чистяков 
205 |a 2-е изд., перераб. и доп. 
210 |a Москва  |c Изд-во МЭИ  |d 2005 
215 |a 460 с.  |c ил. 
320 |a Библиогр.: с. 451-452. 
320 |a Предметный указатель: с. 453-456. 
330 |a Рассмотрены методы и современные средства измерения таких теплотехнических величин как температура, давление, уровень, расход, состав газов и растворов. Анализируются погрешности измерений, способы их оценки и методы снижения, дается сравнительный анализ различных методов и средств измерений теплотехнических величин. Первое издание учебника выпущено в 1984 г. Книга является учебником по курсу «Метрология, стандартизация и сертификация» для подготовки бакалавров по направлению «Теплоэнергетика». 
451 1 |0 (RuTPU)RU\TPU\book\121114  |y 978-5-383-00155-4  |t Теплотехнические измерения и приборы  |o учебник для вузов  |f Г. М. Иванова, Н. Д. Кузнецов, В. С. Чистяков  |e 3-е изд., стер.  |c М.  |n Изд-во МЭИ  |d 2007  |p 458 с.  |a Иванова, Галина Михайловна 
451 1 |0 (RuTPU)RU\TPU\book\33621  |t Теплотехнические измерения и приборы  |o учебное пособие  |f Г. М. Иванова, Н. Д. Кузнецов, В. С. Чистяков  |c М.  |n Энергоатомиздат  |d 1984  |p 230 с.  |a Иванова, Галина Михайловна 
610 1 |a теплотехнические измерения 
610 1 |a метрология 
610 1 |a погрешности 
610 1 |a температура 
610 1 |a термометры 
610 1 |a термопреобразователи 
610 1 |a термоэлектрические преобразователи 
610 1 |a термосопротивления 
610 1 |a потенциометры 
610 1 |a вторичные пневматические приборы 
610 1 |a цифровые измерительные приборы 
610 1 |a элементы 
610 1 |a тепловое излучение 
610 1 |a пирометры 
610 1 |a давление 
610 1 |a манометры 
610 1 |a уровнемеры 
610 1 |a расходомеры 
610 1 |a тахометрические счетчики 
610 1 |a теплосчетчики 
610 1 |a влажность 
610 1 |a газы 
610 1 |a состав 
610 1 |a анализ 
610 1 |a газоанализаторы 
610 1 |a теплотехнический контроль 
610 1 |a учебники 
675 |a 621.1.002.56(075.8)  |v 3 
700 1 |a Иванова  |b Г. М.  |g Галина Михайловна 
701 1 |a Кузнецов  |b Н. Д.  |g Николай Дмитриевич 
701 1 |a Чистяков  |b В. С.  |g Владимир Сергеевич 
801 1 |a RU  |b 63413507  |c 20050215  |g PSBO 
801 2 |a RU  |b 63413507  |c 20220518  |g PSBO 
900 |a Теплотехника 
900 |a Теплотехнические измерения и автоматизация 
900 |a Технические измерения и приборы 
942 |c BK 
952 |b 140100 
959 |a 16/20050214  |d 5  |e 0  |f НФ:5 
959 |a 90/20061025  |d 4  |e 297,00  |f ЧЗТЛ:4